| 000 | 01683nam a2200193 4500 | ||
|---|---|---|---|
| 008 | 170617b xxu||||| |||| 00| 0 eng d | ||
| 020 | _a92-2-109504-5 | ||
| 082 |
_21996 _aDC 331.88 _bOl6u |
||
| 100 |
_921014 _aOlney, Shauna L |
||
| 245 |
_aUnions in a changing world : _bproblems and prospects in selected industrialized countries / _cShauna L. Olney. |
||
| 260 |
_aGeneva, Switzerland : _bInternational Labour Office, _c1996. |
||
| 300 |
_axii, 99 pages ; _c24 cm |
||
| 500 | _aIncludes bibliographical references. | ||
| 505 | _aIncreasing diversity of the workforce -- The shift from manufacturing to the service sector -- The shift in workers' skill levels -- The public and private sectors -- Greater participation of women in the workforce -- The increase in peripheral workers -- Targeting specific ethnic groups -- Changing patterns of youth employment -- External concerns confronting trade unions -- Legislation and employers' attitudes -- Technological change -- Training -- Productivity, competition and internationalization -- Human resources management -- Broader societal concerns -- The expansion of unions' and workers' influence -- National level -- Enterprise level -- Unions' internal structures and strategies -- Improving efficiency -- Cooperation with other groups -- Research and extended services -- The training of union officials -- Improving relations with members and the public | ||
| 650 | 0 |
_921015 _aLabor unions -- Developed countries -- Case studies |
|
| 650 | 0 |
_921016 _aLabor unions -- Developed countries -- Management -- Case studies |
|
| 650 | 0 |
_921017 _aEmployees -- Effect of technological innovations on -- Case studies |
|
| 942 |
_2ddc _cDC |
||
| 999 |
_c6942 _d6942 |
||